| 000 | 00798nam a2200229 a 4500 | ||
|---|---|---|---|
| 001 | 000041116 | ||
| 005 | 20240412074300.0 | ||
| 008 | 130918s2010 dr 000 j spa d | ||
| 020 | _a9789945469240 | ||
| 040 |
_aDO-SdBNP _bspa _cBNPHU |
||
| 082 |
_aRD863.44 _bC216c |
||
| 100 | 1 |
_aCandelaria, Sélvido _d1956- _934441 |
|
| 245 | 1 | 0 |
_aCincuenta cuentos cortísimos / _cSélvido Candelaria. |
| 260 |
_aSanto Domingo : _bRumbo Este, _c2010. |
||
| 300 |
_a89 p. ; _c23 cm. |
||
| 590 | _aInventariado, 2020/YL | ||
| 500 | _aIncluye datos biográficos del autor en la solapa de la cubierta | ||
| 504 | _aIncluye referencias bibliográficas y notas al pie de las páginas | ||
| 650 | 0 |
_aCuentos dominicanos _9176 |
|
| 650 | 0 |
_aLiteratura dominicana. _967 |
|
| 910 | _aValidado. Control de calidaa MFF | ||
| 999 |
_c40606 _d40606 |
||